000 00402nam a2200181Ia 4500
008 210210b1949 xxu||||| |||| 00| 0 eng d
041 _aeng
082 _a320/639
100 _a-
245 _aDraft constitution of India
260 _a
_bNot Mentioned
_c1949
650 _aof
650 _aIndia
650 _aDraft
650 _aconstitution
690 _aPolitical Science
906 _a003271
999 _c118621
_d118621